Na Spiši dostalo najviac hlasov HZDS

Bibliographic Details
Main Author: -gr- (Author)
Format: Article
Language:Slovak
Subjects:

MARC

LEADER 00000nab a2200000 a 4500
001 vtls001015500
003 SK-MaSNL
005 20260305040312.0
008 170922e19980929xo 0 slo
035 |a SN1452 
040 |a SNSK  |b slo  |c SNSK  |e AACR2 
041 0 |a slo 
044 |a xo  |c SK 
080 |a 324  |2 1981 
100 0 |a -gr-  |4 aut  |9 881137 
245 1 0 |a Na Spiši dostalo najviac hlasov HZDS 
518 |a r. 1998 
650 0 7 |a komunálne voľby  |2 SNSK  |9 4164 
650 0 7 |a výsledky  |2 SNSK  |9 493505 
651 7 |a Spišská Nová Ves (Slovensko : okres)  |2 SNSK  |9 22259 
651 7 |a Gelnica (Slovensko : okres)  |2 SNSK  |9 168677 
651 7 |a Levoča (Slovensko)  |2 SNSK  |9 26696 
651 7 |a SN,  |2 SNSK  |9 1021277 
651 7 |a LE,  |2 SNSK  |9 1021327 
655 7 |a periodikum  |2 snkbucl  |9 29553 
773 0 8 |t Spišský kuriér  |g Roč. 7, č.39, 29.9.1998, s. 1,2 
852 |a ZVYKNI  |b KIS3GCP 
999 |c 3337751  |d 3339681